[Event "24. Engiadina Open Zuoz"]
[Site "?"]
[Date "2017.10.08"]
[Round "2.12"]
[White "Frehner, Walter"]
[Black "Brönnimann, Peter"]
[Result "1-0"]
[WhiteElo "1914"]
[BlackElo "1742"]
[PlyCount "95"]
[EventDate "2017.??.??"]

1. d4 d5 2. Nf3 Nf6 3. c4 e6 4. Bg5 Be7 5. e3 O-O 6. Nc3 h6 7. Bh4 Ne4 8. Bxe7
Qxe7 9. Nxe4 dxe4 10. Nd2 f5 11. Be2 Nd7 12. O-O Nf6 13. Qc2 c6 14. a3 a5 15.
Qc3 Bd7 16. b4 axb4 17. axb4 Rfc8 18. Ra3 Rxa3 19. Qxa3 Be8 20. c5 Bh5 21. Bxh5
Nxh5 22. Nc4 Qd8 23. Ra1 Nf6 24. Nd6 Rb8 25. g3 Ne8 26. Nc4 Nc7 27. Nb6 Nd5 28.
Qb3 Kf7 29. Nc4 Ke7 30. b5 Nc7 31. Nd6 Ne8 32. Nc4 Nc7 33. b6 Nb5 34. Ra5 Qd5
35. Qb4 Qd8 36. Ne5 Kf6 37. Kg2 g5 38. Qc4 Rc8 39. Rxb5 cxb5 40. Qxb5 Qe8 41.
Qxe8 Rxe8 42. c6 Ke7 43. cxb7 Kd6 44. Nf7+ Kd7 45. Nxh6 Kc6 46. Nf7 Rg8 47. d5+
Kxb6 48. dxe6 {...} 1-0

[Event "24. Engiadina Open Zuoz"]
[Site "?"]
[Date "2017.10.09"]
[Round "3.9"]
[White "Plüss, Rudolf"]
[Black "Arquint, Andri"]
[Result "0-1"]
[WhiteElo "1573"]
[BlackElo "1967"]
[PlyCount "82"]
[EventDate "2017.??.??"]

1. Nf3 c5 2. c4 g6 3. g3 Bg7 4. Bg2 Nc6 5. O-O e5 6. Nc3 d6 7. b3 Nge7 8. Bb2
O-O 9. d3 h6 10. e4 Be6 11. Rb1 Qd7 12. Re1 Bg4 13. a3 Nd4 14. Nd5 Nxd5 15.
cxd5 h5 16. Bxd4 cxd4 17. Qd2 Rfc8 18. Rec1 Qb5 19. Ne1 Rxc1 20. Qxc1 Rc8 21.
Qd2 Rc3 22. h3 Bd7 23. a4 Qa6 24. Qg5 Qb6 25. Qe7 Bxa4 26. Nf3 Bb5 27. Bf1 Qc7
28. Qg5 Be8 29. Qd2 Rc2 30. Qb4 a5 31. Qa3 Rc3 32. Nd2 b5 33. Qa1 Bh6 34. Nf3
Bd7 35. Kh2 Kg7 36. h4 Bg4 37. Ng1 Rc2 38. Nh3 Bxh3 39. Bxh3 Rxf2+ 40. Kh1 Qc2
41. Kg1 Be3 0-1

[Event "24. Engiadina Open Zuoz"]
[Site "?"]
[Date "2017.10.09"]
[Round "3.8"]
[White "Müller, Werner"]
[Black "Schweizer, Robert"]
[Result "1-0"]
[WhiteElo "2062"]
[BlackElo "1869"]
[PlyCount "63"]
[EventDate "2017.??.??"]

1. e4 c5 2. Nc3 e6 3. Nf3 a6 4. d4 cxd4 5. Nxd4 Nc6 6. g3 Bb4 7. Bg2 d5 8. exd5
Bxc3+ 9. bxc3 exd5 10. O-O Nge7 11. c4 O-O 12. cxd5 Nxd5 13. Nxc6 bxc6 14. Ba3
Re8 15. c4 Qa5 16. Qb3 Nc3 17. Rfe1 Ne2+ 18. Kf1 Bg4 19. Rab1 Nd4 20. Qd3 Red8
21. Bb2 Nf3 22. Qe3 Nxe1 23. Rxe1 Be6 24. Bxc6 Bxc4+ 25. Kg1 Bd5 26. Bxa8 Be6
27. Bg2 Qxa2 28. Qe5 f6 29. Qxe6+ Qxe6 30. Rxe6 Rd1+ 31. Bf1 a5 32. Ra6 1-0

[Event "24. Engiadina Open Zuoz"]
[Site "?"]
[Date "2017.10.09"]
[Round "3.10"]
[White "Schwab, Felix"]
[Black "Saxer, Bruno"]
[Result "1-0"]
[WhiteElo "1938"]
[BlackElo "1722"]
[PlyCount "71"]
[EventDate "2017.??.??"]

1. e4 c5 2. Nf3 d6 3. g3 Bg4 4. h3 Bxf3 5. Qxf3 Nc6 6. c3 Rc8 7. d3 Ne5 8. Qd1
Nf6 9. f4 Nc6 10. Bg2 g6 11. O-O Bg7 12. Nd2 O-O 13. g4 e6 14. Qe1 b5 15. Nf3
b4 16. Be3 bxc3 17. bxc3 Nd7 18. Qd2 d5 19. e5 f6 20. f5 exf5 21. e6 Nde5 22.
Bxc5 Nxf3+ 23. Bxf3 Ne5 24. e7 Nxf3+ 25. Rxf3 Qc7 26. exf8=Q+ Bxf8 27. Bxf8
Rxf8 28. gxf5 gxf5 29. Qf4 Qxc3 30. Rc1 Qb2 31. Rg3+ Kh8 32. Qh6 Qb6+ 33. Kh1
Rg8 34. Qg7+ Rxg7 35. Rc8+ Rg8 36. Rcxg8# 1-0

[Event "24. Engiadina Open Zuoz"]
[Site "?"]
[Date "2017.10.09"]
[Round "3.13"]
[White "Lenninger, Ralf"]
[Black "Fecker, Sina"]
[Result "1-0"]
[WhiteElo "1915"]
[BlackElo "1426"]
[PlyCount "67"]
[EventDate "2017.??.??"]

1. d4 d5 2. Bf4 Nf6 3. e3 Bf5 4. Nf3 e6 5. Nbd2 Nc6 6. c3 a6 7. a4 Bb4 8. Nh4
Ba5 9. Nxf5 exf5 10. Bg5 h6 11. Bxf6 Qxf6 12. Qf3 Qe6 13. Bd3 Ne7 14. O-O O-O
15. b4 Bb6 16. Rfc1 c6 17. Nb3 Bc7 18. Nc5 Qd6 19. g3 b6 20. Nxa6 Qd7 21. Nxc7
Qxc7 22. Bxf5 b5 23. a5 Nxf5 24. Qxf5 g6 25. Qf3 h5 26. e4 dxe4 27. Qxe4 Rfe8
28. Qf3 Rac8 29. Re1 Qd7 30. h4 Rb8 31. Kg2 Rbc8 32. Re3 Rxe3 33. fxe3 Re8 34.
e4 1-0

[Event "24. Engiadina Open Zuoz"]
[Site "?"]
[Date "2017.10.09"]
[Round "3.15"]
[White "Sprenger, Paul"]
[Black "Scheidegger, Urs"]
[Result "0-1"]
[WhiteElo "1629"]
[BlackElo "1757"]
[PlyCount "78"]
[EventDate "2017.??.??"]

1. d4 Nf6 2. c4 e5 3. dxe5 Ng4 4. Nf3 Nc6 5. Bf4 Bb4+ 6. Nc3 Bxc3+ 7. bxc3 Qe7
8. Qd5 f6 9. exf6 Nxf6 10. Qd2 O-O 11. Bxc7 Ne4 12. Qe3 Re8 13. Bg3 d6 14. Rd1
Bf5 15. Bxd6 Qf6 16. Nd4 Nxd6 17. Qf4 Re4 18. Qc1 Nxd4 19. cxd4 Rxd4 20. Rxd4
Qxd4 21. e3 Qc5 22. Be2 Qb4+ 23. Qd2 Qxd2+ 24. Kxd2 Ne4+ 25. Kc1 Rd8 26. f3 Nc3
27. Re1 Nxa2+ 28. Kb2 Nb4 29. e4 Be6 30. Kc3 a5 31. c5 Na2+ 32. Kc2 Rd4 33. Kb2
Rd2+ 34. Kb1 Rxe2 35. Rxe2 Nc3+ 36. Kb2 Nxe2 37. Ka3 Bd7 38. g3 Nd4 39. f4 Ne6
0-1

[Event "24. Engiadina Open Zuoz"]
[Site "?"]
[Date "2017.10.09"]
[Round "3.17"]
[White "Christen, Renald"]
[Black "Reichmuth, Vincenz"]
[Result "1/2-1/2"]
[WhiteElo "1720"]
[BlackElo "1695"]
[PlyCount "42"]
[EventDate "2017.??.??"]

1. Nf3 Nf6 2. d4 d5 3. Bf4 e6 4. Nbd2 Bd6 5. Bxd6 Qxd6 6. e3 O-O 7. c4 c6 8. c5
Qe7 9. Ne5 Nbd7 10. Ndf3 Nxe5 11. Nxe5 Nd7 12. Nd3 f6 13. Qc2 e5 14. O-O-O e4
15. Nf4 b6 16. cxb6 Nxb6 17. Kb1 Bd7 18. Rc1 a5 19. g3 Rfc8 20. Bh3 Bxh3 21.
Nxh3 Nc4 1/2-1/2

[Event "24. Engiadina Open"]
[Site "?"]
[Date "2017.10.10"]
[Round "4.1"]
[White "Simon, Ralf-Axel"]
[Black "Fecker, Noah"]
[Result "1-0"]
[WhiteElo "2214"]
[BlackElo "2195"]
[PlyCount "97"]
[EventDate "2017.??.??"]
[TimeControl "6000+1175"]
[WhiteClock "0:06:17"]
[BlackClock "0:21:12"]

1. Nf3 c5 2. c4 Nc6 3. Nc3 e5 4. g3 g6 5. Bg2 Bg7 6. Rb1 Nge7 7. a3 a5 8. O-O
d6 9. Ne1 Be6 10. Nd5 O-O 11. Nc2 Bxd5 12. cxd5 Nd4 13. Na1 Nb5 14. d3 f5 15.
a4 Nc7 16. e4 Kh8 17. Bd2 b6 18. Nc2 Ne8 19. Na3 h6 20. Nc4 Kh7 21. Qb3 Nc8 22.
Ra1 Ra7 23. Ra3 Rff7 24. Qd1 Nc7 25. Rb3 Na6 26. exf5 gxf5 27. f4 Nb4 28. Qh5
Qf8 29. fxe5 dxe5 30. Bh3 f4 31. Be6 Rf6 32. Nxe5 fxg3 33. Rxf6 gxh2+ 34. Kxh2
Bxf6 35. Qg6+ Kh8 36. Nf7+ Rxf7 37. Bxf7 Qd6+ 38. Kg2 Bg7 39. Be6 Ne7 40. Qe8+
Kh7 41. Bxb4 axb4 42. d4 cxd4 43. Rg3 d3 44. Rxg7+ Kxg7 45. Qf7+ Kh8 46. Qf6+
Kh7 47. Bg8+ Kxg8 48. Qxd6 d2 49. Qe6+ 1-0

[Event "24. Engiadina Open"]
[Site "?"]
[Date "2017.10.10"]
[Round "4.2"]
[White "Wyss, Thomas"]
[Black "Rausch, Stephan"]
[Result "0-1"]
[WhiteElo "2251"]
[BlackElo "2229"]
[PlyCount "52"]
[EventDate "2017.??.??"]
[TimeControl "6000+915"]
[WhiteClock "0:27:39"]
[BlackClock "1:02:16"]

1. e4 e6 2. d3 d5 3. Nd2 Nf6 4. Ngf3 Nc6 5. c3 a5 6. Be2 Bc5 7. e5 Nd7 8. d4
Bb6 9. Nf1 f6 10. exf6 Nxf6 11. Bf4 O-O 12. Ng3 Ne4 13. Be3 e5 14. Nxe4 dxe4
15. Bc4+ Kh8 16. Ng5 exd4 17. Nxh7 dxe3 18. Nxf8 Qxd1+ 19. Rxd1 Bg4 20. f3 exf3
21. gxf3 Bxf3 22. Rf1 Bxd1 23. Kxd1 Ne5 24. Ng6+ Nxg6 25. Rf5 Rd8+ 26. Ke2 Rd2+
0-1

[Event "24. Engiadina Open"]
[Site "?"]
[Date "2017.10.10"]
[Round "4.3"]
[White "Schunk, Thomas"]
[Black "Eschmann, Patrick"]
[Result "1/2-1/2"]
[WhiteElo "2111"]
[BlackElo "2160"]
[PlyCount "83"]
[EventDate "2017.??.??"]
[TimeControl "6000+1025"]
[WhiteClock "0:40:38"]
[BlackClock "0:01:07"]

1. c4 e6 2. g3 c5 3. Bg2 Nc6 4. Nf3 Nf6 5. O-O d5 6. b3 Be7 7. Bb2 d4 8. e3 e5
9. exd4 exd4 10. d3 O-O 11. a3 Bf5 12. h3 a5 13. Qc2 Qd7 14. g4 Be6 15. Nbd2
Bd6 16. Rfe1 h5 17. Ng5 hxg4 18. Nde4 Nxe4 19. Nxe6 fxe6 20. Rxe4 gxh3 21. Bxh3
Rf6 22. Rae1 Re8 23. Bc1 Rg6+ 24. Kh1 Qf7 25. Qe2 Nd8 26. Bg4 Rxg4 27. Qxg4
Qxf2 28. Qh3 Rf8 29. Rg1 Qf3+ 30. Qxf3 Rxf3 31. Reg4 Rh3+ 32. Kg2 Rxd3 33. Bh6
Bf8 34. Bxg7 Bxg7 35. Kf2 Kf8 36. Rxg7 Nf7 37. Rh7 Rd2+ 38. Ke1 Rb2 39. Rg3
Rb1+ 40. Kf2 Rb2+ 41. Kf1 Rb1+ {Rgg7 Rb2} 42. Ke2 1/2-1/2

[Event "24. Engiadina Open"]
[Site "?"]
[Date "2017.10.10"]
[Round "4.4"]
[White "Rusconi, Benito"]
[Black "Remensberger, Paul"]
[Result "1/2-1/2"]
[WhiteElo "1927"]
[BlackElo "2111"]
[PlyCount "43"]
[EventDate "2017.??.??"]
[TimeControl "6000+440"]
[WhiteClock "1:02:45"]
[BlackClock "0:57:25"]

1. d4 Nf6 2. Nc3 d5 3. Bg5 Nbd7 4. Qd3 c6 5. f3 Qa5 6. Bd2 Qc7 7. e4 e5 8. exd5
Nxd5 9. Nxd5 cxd5 10. O-O-O Be7 11. dxe5 Nxe5 12. Qxd5 O-O 13. f4 Ng4 14. Nh3
Be6 15. Qf3 Nf6 16. f5 Rac8 17. Bd3 Bd5 18. Qe2 Rfe8 19. Rhe1 Bd6 20. Qf1 Rxe1
21. Rxe1 Bxh2 22. a3 1/2-1/2

[Event "24. Engiadina Open"]
[Site "?"]
[Date "2017.10.10"]
[Round "4.5"]
[White "Vilaseca, Laurent"]
[Black "Lenninger, Ralf"]
[Result "1-0"]
[WhiteElo "2092"]
[BlackElo "1915"]
[PlyCount "50"]
[EventDate "2017.??.??"]
[TimeControl "6000+1075"]
[WhiteClock "0:27:46"]
[BlackClock "0:02:43"]

1. d4 Nf6 2. Nf3 e6 3. g3 b6 4. Bg2 Bb7 5. O-O Be7 6. c4 O-O 7. Nc3 d6 8. Qc2
Nbd7 9. e4 Ne8 10. e5 Rc8 11. Ng5 Bxg5 12. Bxg5 Qxg5 13. Bxb7 Rd8 14. f4 Qh6
15. Ne4 g6 16. Bc6 f6 17. d5 dxe5 18. dxe6 Nb8 19. Bd5 Rxd5 20. cxd5 f5 21. Nc3
Nf6 22. Rad1 Na6 23. Qe2 Ng4 24. Rd2 Nc5 25. b4 Ne4 1-0

[Event "24. Engiadina Open"]
[Site "?"]
[Date "2017.10.10"]
[Round "4.6"]
[White "Müller, Werner"]
[Black "Frehner, Walter"]
[Result "1/2-1/2"]
[WhiteElo "2062"]
[BlackElo "1914"]
[PlyCount "81"]
[EventDate "2017.??.??"]
[TimeControl "6000+1335"]
[WhiteClock "0:02:57"]
[BlackClock "0:31:47"]

1. e4 e5 2. Nf3 Nc6 3. Nc3 Nf6 4. d4 exd4 5. Nd5 d6 6. Nxd4 Be7 7. Nb5 Nxd5 8.
exd5 Ne5 9. Be2 O-O 10. O-O c5 11. dxc6 bxc6 12. Nd4 Qb6 13. Nf3 Nxf3+ 14. Bxf3
Be6 15. b3 d5 16. Be3 Bc5 17. Bxc5 Qxc5 18. Qd2 Rfe8 19. Rfe1 a5 20. h3 h6 21.
Re5 Bd7 22. Rae1 Rxe5 23. Rxe5 Re8 24. Rxe8+ Bxe8 25. c3 Kf8 26. Qd4 Qxd4 27.
cxd4 Ke7 28. a3 Kd6 29. b4 axb4 30. axb4 Bd7 31. Kf1 Kc7 32. Be2 Kb6 33. Ke1
Bc8 34. Kd2 Ba6 35. Bf3 Bf1 36. h4 Kb5 37. Kc3 f6 38. g3 g5 39. Bg4 Ka4 40.
hxg5 hxg5 41. f4 1/2-1/2

[Event "24. Engiadina Open Zuoz"]
[Site "?"]
[Date "2017.10.10"]
[Round "4.9"]
[White "Hugentobler, Patrik"]
[Black "Kube, Hannelore"]
[Result "1-0"]
[WhiteElo "2171"]
[BlackElo "1925"]
[PlyCount "27"]
[EventDate "2017.??.??"]

1. e4 e5 2. Nf3 Nc6 3. Bb5 a6 4. Bxc6 dxc6 5. O-O Bg4 6. h3 h5 7. d3 Bxf3 8.
Qxf3 Qf6 9. Qxf6 Nxf6 10. f4 exf4 11. Bxf4 Bd6 12. Nd2 O-O-O 13. Nc4 Rd7 14.
Bxd6 1-0

[Event "24. Engiadina Open Zuoz"]
[Site "?"]
[Date "2017.10.10"]
[Round "4.14"]
[White "Scheidegger, Urs"]
[Black "Gruber, Jürg"]
[Result "1-0"]
[WhiteElo "1757"]
[BlackElo "1564"]
[PlyCount "53"]
[EventDate "2017.??.??"]

1. e4 e5 2. Nf3 d6 3. d4 exd4 4. Nxd4 g6 5. Bc4 Bg7 6. O-O Nf6 7. Nc3 O-O 8.
Bg5 Nbd7 9. f4 h6 10. Bh4 Qe8 11. Ndb5 Nb6 12. Nxc7 Qc6 13. Nxa8 Nxc4 14. Bxf6
Bxf6 15. Nd5 Qc5+ 16. Kh1 Bxb2 17. Rb1 Be6 18. Nac7 b6 19. f5 Bxd5 20. Nxd5 Bh8
21. fxg6 Ne5 22. gxf7+ Kh7 23. Rb3 Qc8 24. Rh3 Bg7 25. Qh5 Kh8 26. Rf6 Rxf7 27.
Rxf7 {Zeit} 1-0

[Event "24. Engiadina Open Zuoz"]
[Site "?"]
[Date "2017.10.10"]
[Round "4.15"]
[White "Reichmuth, Vincenz"]
[Black "Fecker, Sina"]
[Result "1/2-1/2"]
[WhiteElo "1695"]
[BlackElo "1426"]
[PlyCount "48"]
[EventDate "2017.??.??"]

1. e4 e5 2. Nf3 Nc6 3. Bc4 Bc5 4. c3 Nf6 5. d4 Bb6 6. Bg5 d6 7. dxe5 dxe5 8.
Qxd8+ Nxd8 9. Bxf6 gxf6 10. Nbd2 Ne6 11. g3 Rg8 12. h4 Nc5 13. b4 Na4 14. Bb5+
Bd7 15. Bxd7+ Kxd7 16. c4 c6 17. c5 Bc7 18. O-O Rad8 19. Nc4 b5 20. cxb6 axb6
21. Ncd2 Kc8 22. Rac1 Kb7 23. Rc2 b5 24. Rfc1 Rd4 1/2-1/2

[Event "24. Engiadina Open Zuoz"]
[Site "?"]
[Date "2017.10.10"]
[Round "4.17"]
[White "Fenner, Donat"]
[Black "Sprenger, Paul"]
[Result "0-1"]
[WhiteElo "1698"]
[BlackElo "1629"]
[PlyCount "46"]
[EventDate "2017.??.??"]

1. f4 g6 2. Nf3 Bg7 3. e3 Nf6 4. Be2 O-O 5. O-O d6 6. d3 Nc6 7. Qe1 e5 8. fxe5
dxe5 9. c3 Bg4 10. e4 Nh5 11. Bg5 f6 12. Be3 f5 13. Nbd2 f4 14. Bc5 Rf7 15. Qf2
b6 16. Ba3 Bxf3 17. Qxf3 Qg5 18. Bd1 Nf6 19. Bb3 Ng4 20. Bxf7+ Kxf7 21. Qh3 h5
22. Nf3 Qh6 23. Nd2 Rh8 0-1

[Event "24. Engiadina Open Zuoz"]
[Site "?"]
[Date "2017.10.10"]
[Round "4.17"]
[White "Arquint, Andri"]
[Black "Fecker, Jan"]
[Result "0-1"]
[WhiteElo "1967"]
[BlackElo "1804"]
[PlyCount "132"]
[EventDate "2017.??.??"]

1. Nf3 Nf6 2. g3 b6 3. Bg2 Bb7 4. O-O e6 5. c4 Be7 6. Nc3 O-O 7. Qc2 d5 8. cxd5
exd5 9. d4 Nbd7 10. Bf4 c6 11. Rac1 Nh5 12. Bd2 Re8 13. a3 Bd6 14. Rfe1 g6 15.
Bg5 f6 16. Bd2 Rc8 17. b4 Ng7 18. Qb3 Kh8 19. Bh3 f5 20. Bg5 Be7 21. Bxe7 Qxe7
22. Bg2 Nh5 23. b5 Nhf6 24. Qa4 a6 25. bxc6 Rxc6 26. Qb3 Rd6 27. e3 Rc8 28. Nd2
Qe6 29. Ne2 Rxc1 30. Rxc1 Rc6 31. Rxc6 Qxc6 32. h4 b5 33. Nb1 Nb6 34. Nbc3 Qc4
35. Qb4 Qxb4 36. axb4 Kg8 37. Nf4 Kf7 38. Nd3 Ke7 39. Bh3 Kd6 40. f3 Nbd7 41.
Kf2 Kc6 42. Ne5+ Kd6 43. f4 Nb8 44. Bg2 Nc6 45. Nxc6 Kxc6 46. Bf3 Kb6 47. Ke2
a5 48. bxa5+ Kxa5 49. Kd2 b4 50. Nd1 Ka4 51. Nb2+ Kb3 52. Nd3 Ka3 53. Nc5 Bc6
54. Bd1 Bb5 55. Kc1 Bc4 56. Kb1 b3 57. Bf3 Ne8 58. h5 Nd6 59. Nxb3 Kxb3 60. g4
Kc3 61. hxg6 hxg6 62. gxf5 gxf5 63. Kc1 Kd3 64. Kd1 Kxe3 65. Bh5 Kxd4 66. Kd2
Ne4+ 0-1

[Event "24. Engiadina Open Zuoz"]
[Site "?"]
[Date "2017.10.10"]
[Round "4.10"]
[White "Höcker, Horst"]
[Black "Reiss, Sigfried"]
[Result "0-1"]
[WhiteElo "1609"]
[BlackElo "2088"]
[PlyCount "64"]
[EventDate "2017.??.??"]

1. c4 Nf6 2. Nc3 e6 3. g3 d5 4. cxd5 exd5 5. d4 Nc6 6. Bg2 Bb4 7. a3 Bxc3+ 8.
bxc3 h6 9. Qc2 O-O 10. Nf3 Be6 11. O-O Qd7 12. Nd2 Bh3 13. Re1 Bxg2 14. Kxg2
Rfe8 15. Rb1 b6 16. f3 Ne7 17. e4 c6 18. e5 Nf5 19. Nf1 Nd6 20. Bxh6 gxh6 21.
exf6 Re6 22. Qd2 Rxf6 23. Ne3 h5 24. Qe2 Re8 25. Qf1 Rfe6 26. Nc2 Nc4 27. Rxe6
Rxe6 28. Re1 a5 29. Qf2 Qe7 30. Rxe6 Qxe6 31. f4 Qf5 32. Qe2 Qxc2 0-1

[Event "24. Engiadina Open"]
[Site "?"]
[Date "2017.10.12"]
[Round "5.1"]
[White "Rausch, Stephan"]
[Black "Simon, Ralf-Axel"]
[Result "1-0"]
[WhiteElo "2229"]
[BlackElo "2214"]
[PlyCount "78"]
[EventDate "2017.??.??"]
[TimeControl "6000+1825"]
[WhiteClock "0:19:52"]
[BlackClock "0:00:39"]

1. d4 d5 2. Nf3 Nf6 3. Bg5 Ne4 4. Bf4 c5 5. e3 Qb6 6. Qc1 Nc6 7. c3 Bf5 8. Nbd2
Rc8 9. Nxe4 Bxe4 10. Qd2 f6 11. Be2 g5 12. Bg3 h5 13. h3 Kf7 14. Kf1 e6 15. Kg1
h4 16. Bh2 Be7 17. Rf1 a5 18. Ne1 cxd4 19. exd4 a4 20. a3 Na5 21. f4 gxf4 22.
Bxf4 Nc4 23. Bxc4 Rxc4 24. Rf2 Rcc8 25. Kh2 Ke8 26. Rhf1 Kd7 27. Kh1 Qb5 28.
Bh2 Rcg8 29. Qf4 Qc4 30. Nf3 Qc8 31. Nd2 Bf5 32. c4 Qc6 33. Qf3 Be4 34. Qe2 Bf5
35. Re1 Rg7 36. cxd5 Qxd5 37. Nc4 Ke8 38. Ne3 Qxd4 39. Rxf5 Qd8 1-0

[Event "24. Engiadina Open"]
[Site "?"]
[Date "2017.10.12"]
[Round "5.2"]
[White "Fecker, Noah"]
[Black "Schunk, Thomas"]
[Result "0-1"]
[WhiteElo "2195"]
[BlackElo "2111"]
[PlyCount "90"]
[EventDate "2017.??.??"]
[TimeControl "6000+620"]
[WhiteClock "0:03:03"]
[BlackClock "0:40:51"]

1. e4 e5 2. Nf3 d6 3. d4 exd4 4. Nxd4 Nf6 5. Nc3 Be7 6. Bf4 O-O 7. Qd2 a6 8.
O-O-O b5 9. f3 c6 10. g4 b4 11. Nce2 Qa5 12. Kb1 Ne8 13. Nf5 Bxf5 14. gxf5 Nd7
15. Rg1 Rd8 16. Ng3 Ndf6 17. Bg5 Kh8 18. Nh5 Qc5 19. Bd3 Rg8 20. Be3 Qa5 21.
Nf4 d5 22. Qf2 dxe4 23. Bb6 Qe5 24. Bxd8 Bxd8 25. fxe4 Bc7 26. Ne2 c5 27. Qg3
Qe7 28. Qh4 Be5 29. Nf4 Qc7 30. Nd5 Nxd5 31. exd5 Bf6 32. Qh5 h6 33. Qe2 Nd6
34. Bc4 Re8 35. Qd3 Re4 36. b3 Qa5 37. a4 bxa3 38. Ka2 Rd4 39. Qe2 Qc3 40. Rb1
Rd2 41. Qxd2 Qxd2 42. Bd3 Nb5 43. Bxb5 Qxc2+ 44. Kxa3 axb5 45. Rgc1 Qd2 0-1

[Event "24. Engiadina Open"]
[Site "?"]
[Date "2017.10.12"]
[Round "5.3"]
[White "Fecker, Jan"]
[Black "Vilaseca, Laurent"]
[Result "0-1"]
[WhiteElo "1804"]
[BlackElo "2092"]
[PlyCount "62"]
[EventDate "2017.??.??"]
[TimeControl "6000+2070"]
[WhiteClock "0:04:04"]
[BlackClock "0:11:24"]

1. Nf3 c5 2. c4 g6 3. g3 Bg7 4. Bg2 Nc6 5. Nc3 e5 6. d3 Nge7 7. e4 d6 8. O-O
O-O 9. Rb1 f5 10. exf5 Bxf5 11. a3 Qd7 12. b4 cxb4 13. axb4 Bg4 14. Ne4 Nd4 15.
Ned2 Nec6 16. b5 Nxf3+ 17. Bxf3 Bxf3 18. Nxf3 Nd8 19. Be3 h6 20. Nd2 d5 21. Bc5
Rf7 22. Qc2 Ne6 23. Ba3 Nd4 24. Qa2 Qf5 25. Bb2 Ne2+ 26. Kg2 Qxd3 27. Ba1 dxc4
28. Qxc4 Qxd2 29. Rbd1 Nf4+ 30. Kh1 Qe2 31. Qb3 Nh3 0-1

[Event "24. Engiadina Open"]
[Site "?"]
[Date "2017.10.12"]
[Round "5.4"]
[White "Remensberger, Paul"]
[Black "Joller, Hans"]
[Result "1-0"]
[WhiteElo "2111"]
[BlackElo "1891"]
[PlyCount "87"]
[EventDate "2017.??.??"]
[TimeControl "6000+830"]
[WhiteClock "0:19:30"]
[BlackClock "1:04:32"]

1. Nf3 Nf6 2. c4 d6 3. d4 c6 4. g3 Bg4 5. Bg2 g6 6. Nc3 h6 7. h3 Bc8 8. e4 Bg7
9. Be3 Na6 10. Qc2 Nc7 11. Rd1 O-O 12. O-O Rb8 13. Rfe1 b5 14. b3 Bd7 15. e5
Nfe8 16. Nh4 Qc8 17. Qd2 b4 18. Ne4 d5 19. Nc5 Bxh3 20. Bxh6 Bxg2 21. Kxg2 dxc4
22. bxc4 Ne6 23. Bxg7 N8xg7 24. Nb3 Nh5 25. Re4 Kg7 26. d5 cxd5 27. cxd5 Rd8
28. Qe3 Qb7 29. Na5 Qb5 30. Nc6 Rxd5 31. Rxd5 Qxd5 32. Nxb8 f5 33. exf6+ Nxf6
34. f3 Nxe4 35. Qxe4 Qd2+ 36. Kh1 Qc1+ 37. Kh2 Qb2+ 38. Ng2 Qxa2 39. Qxb4 Kh6
40. Qh4+ Kg7 41. Qxe7+ Kh6 42. Nd7 Qd5 43. Nf6 Qc4 44. Ng4+ 1-0

[Event "24. Engiadina Open"]
[Site "?"]
[Date "2017.10.12"]
[Round "5.5"]
[White "Frehner, Walter"]
[Black "Wyss, Thomas"]
[Result "1-0"]
[WhiteElo "1914"]
[BlackElo "2251"]
[PlyCount "65"]
[EventDate "2017.??.??"]
[TimeControl "6000+470"]
[WhiteClock "0:39:51"]
[BlackClock "0:12:33"]

1. d4 d5 2. c4 e6 3. Nf3 c5 4. e3 Nc6 5. Nc3 Nf6 6. Bd3 a6 7. a3 Bd6 8. O-O O-O
9. dxc5 Bxc5 10. b4 Bd6 11. Bb2 Qe7 12. Rc1 Rd8 13. Qc2 Bd7 14. h3 Rac8 15.
cxd5 exd5 16. Qb1 Ne5 17. Be2 Ng6 18. Rfd1 Be6 19. Bd3 Bb8 20. Ne2 Re8 21. Rxc8
Bxc8 22. Bf5 Ne4 23. Bxc8 Nxf2 24. Rc1 Qxe3 25. Bd4 Nxh3+ 26. Kh1 Qxe2 27. Bxh3
Bg3 28. Qb2 f6 29. Qxe2 Rxe2 30. Bc8 Nf4 31. Bxb7 g5 32. Bxf6 g4 33. Ne5 1-0

[Event "24. Engiadina Open"]
[Site "?"]
[Date "2017.10.12"]
[Round "5.6"]
[White "Eschmann, Patrick"]
[Black "Müller, Werner"]
[Result "1-0"]
[WhiteElo "2160"]
[BlackElo "2062"]
[PlyCount "59"]
[EventDate "2017.??.??"]
[TimeControl "6000+950"]
[WhiteClock "0:33:10"]
[BlackClock "0:30:59"]

1. e4 c5 2. c3 d6 3. d4 Nf6 4. Bd3 cxd4 5. cxd4 g6 6. Nc3 Bg7 7. Nf3 O-O 8. h3
e5 9. dxe5 dxe5 10. O-O Nc6 11. Bc4 Qe7 12. Bg5 Qc5 13. Bd5 Be6 14. Bxe6 fxe6
15. Qb3 Nd4 16. Nxd4 exd4 17. Qxe6+ Kh8 18. Bxf6 Rxf6 19. Qd5 Rc6 20. Qxc5 Rxc5
21. Nd5 Rc2 22. Rab1 Rac8 23. Nb4 Rd2 24. Rfd1 Rxd1+ 25. Rxd1 a5 26. Nd3 b5 27.
Kf1 b4 28. Rc1 Rxc1+ 29. Nxc1 a4 30. b3 1-0

[Event "24. Engiadina Open Zuoz"]
[Site "?"]
[Date "2017.10.13"]
[Round "5.7"]
[White "Schwab, Felix"]
[Black "Rusconi, Benito"]
[Result "1-0"]
[WhiteElo "1938"]
[BlackElo "1927"]
[PlyCount "55"]
[EventDate "2017.??.??"]

1. e4 c5 2. d3 g6 3. Nf3 Bg7 4. g3 Nc6 5. Nbd2 e6 6. Bg2 Nge7 7. O-O O-O 8. Re1
d5 9. e5 Qc7 10. Qe2 b5 11. Nf1 d4 12. N1d2 Rb8 13. Ne4 Nxe5 14. Nxe5 Bxe5 15.
Nxc5 Bxg3 16. hxg3 Qxc5 17. Bf4 Rb6 18. c3 Nd5 19. cxd4 Qxd4 20. Be5 Qb4 21.
Bc3 Qc4 22. Rac1 Bb7 23. a3 Qb3 24. Bf3 b4 25. Bd4 Rb5 26. Qe5 f6 27. Qxe6+ Rf7
28. Qe8+ 1-0

[Event "24. Engiadina Open Zuoz"]
[Site "?"]
[Date "2017.10.12"]
[Round "5.11"]
[White "Kube, Hannelore"]
[Black "Scheidegger, Urs"]
[Result "1-0"]
[WhiteElo "1925"]
[BlackElo "1757"]
[PlyCount "57"]
[EventDate "2017.??.??"]

1. c4 Nf6 2. Nc3 c5 3. g3 Nc6 4. Bg2 g6 5. e4 Bg7 6. d3 O-O 7. Nge2 d6 8. O-O
e5 9. h3 h6 10. Be3 Nd4 11. Qd2 Bxh3 12. Bxh6 Bxg2 13. Kxg2 Ng4 14. Bxg7 Kxg7
15. f3 Nh6 16. Rh1 Rh8 17. Nxd4 cxd4 18. Nd5 f6 19. Rh2 g5 20. Rah1 Nf7 21.
Rxh8 Nxh8 22. f4 Nf7 23. Qf2 exf4 24. gxf4 Qd7 25. Rh7+ Kf8 26. Nxf6 Qe6 27.
fxg5 Nxg5 28. Nh5+ Kg8 29. Rg7+ 1-0

[Event "24. Engiadina Open Zuoz"]
[Site "?"]
[Date "2017.10.12"]
[Round "5.9"]
[White "Lenninger, Ralf"]
[Black "Remensberger, Hansuli"]
[Result "0-1"]
[WhiteElo "1915"]
[BlackElo "2073"]
[PlyCount "76"]
[EventDate "2017.??.??"]

1. d4 d6 2. Nf3 g6 3. Bf4 Bg7 4. e3 Nd7 5. Bc4 Nh6 6. Nbd2 O-O 7. c3 e5 8. Bg5
Qe8 9. h4 Nb6 10. Be2 f6 11. Bxh6 Bxh6 12. Qc2 d5 13. O-O-O Bf5 14. Qb3 e4 15.
Nh2 Bd7 16. Rdg1 a5 17. g4 Ba4 18. Qa3 Rf7 19. b3 Bf8 20. Qb2 Bd7 21. Kb1 a4
22. b4 a3 23. Qc1 Bb5 24. Qf1 Bxe2 25. Qxe2 Na4 26. Rc1 Qc6 27. c4 Qb6 28. b5
Qa5 29. Nb3 Nc3+ 30. Rxc3 Qxc3 31. c5 b6 32. Rc1 Qb4 33. Ka1 bxc5 34. dxc5 Rb8
35. Qd1 Rd7 36. c6 Rd6 37. Rc2 Bg7 38. Nd4 Rc8 {...} 0-1

[Event "24. Engiadina Open Zuoz"]
[Site "?"]
[Date "2017.10.12"]
[Round "5.16"]
[White "Brönnimann, Peter"]
[Black "Christen, Reynald"]
[Result "0-1"]
[WhiteElo "1742"]
[BlackElo "1720"]
[PlyCount "88"]
[EventDate "2017.??.??"]

1. d4 d5 2. Bf4 Nf6 3. e3 e6 4. Bd3 c5 5. c3 Nc6 6. Nd2 Qb6 7. Rb1 cxd4 8. exd4
Be7 9. Ngf3 Qd8 10. h3 Bd6 11. Bxd6 Qxd6 12. O-O O-O 13. Qe2 Nh5 14. g3 g6 15.
Ne5 Nxe5 16. Qxe5 Qxe5 17. dxe5 f5 18. exf6 Rxf6 19. Rbe1 Bd7 20. Re5 Raf8 21.
Be2 Ng7 22. Nb3 a6 23. Nd4 Nf5 24. Nxf5 gxf5 25. f4 Kf7 26. Re1 Rh6 27. Kh2 Rg8
28. Rg1 Ke7 29. g4 fxg4 30. Rxg4 Rf8 31. Rg7+ Kd6 32. Kg3 Rhf6 33. Rg4 h5 34.
Rh4 Rg8+ 35. Kf2 Rxf4+ 36. Rxf4 Kxe5 37. Rh4 Be8 38. Bxh5 Rh8 39. Kg3 Rxh5 40.
Rxh5+ Bxh5 41. Kh4 Be2 42. Kg5 Ke4 43. h4 e5 44. h5 Bxh5 0-1